000
00282nam a2200109Ia 4500
008
221009s9999 xx 000 0 und d
082
_a
403/HAW
100
_a
Hawkins, R E
_9
5449
245
0
_a
Encyclopaedia of Indian Natural History
260
_b
Oxford University Press
942
_c
BK
999
_c
64787
_d
64787